| LEADER | 00833nam a2200229 a 4500 | ||
|---|---|---|---|
| 001 | GR-MES7271 | ||
| 008 | 000719s19901993enk 000 0 gre d | ||
| 020 | |a 0751710105 | ||
| 040 | |a GrPaTEI |b gre |c GR-PaULI | ||
| 040 | |a GrPaTEI |b gre |c GR-PaULI | ||
| 245 | 0 | 0 | |a Study text : |b Law relating to banking services / |c CIB. |
| 250 | |a 3η εκδ. | ||
| 260 | |a London : |b BPP, |c 1993 | ||
| 300 | |a 454 σελ. | ||
| 500 | |a Ευρετήριο σελ.(439-451) | ||
| 650 | 4 | |a ΔΙΚΑΙΟ | |
| 650 | 4 | |a Τράπεζες | |
| 710 | 2 | |a Chartered Institute of Bankers | |
| 942 | |2 ddc | ||
| 952 | |0 0 |1 0 |2 ddc |4 0 |6 346_082000000000000_CIB |7 0 |9 277604 |a MSLG |b MSLG |c BSC |d 2021-01-17 |e 24 |f 0 |g 0.00 |l 0 |o 346.082 CIB |p 2420000014996 |r 2021-01-17 00:00:00 |t 1 |w 2021-01-17 |y BK15 |x 20000719 0 1 |x GrPaTEI | ||
| 971 | |a .b2585740x |b 15-04-20 |c 14-09-16 | ||
| 999 | |c 161347 |d 161347 | ||